| 000 | 00651nam a2200229Ia 4500 | ||
|---|---|---|---|
| 003 | OSt | ||
| 005 | 20220926032603.0 | ||
| 006 | a|||||r|||| 00| 0 | ||
| 007 | ta | ||
| 008 | 220923b |||||||| |||| 00| 0 eng d | ||
| 037 | _cGeneral Book | ||
| 040 |
_aRTL _cRTL _beng |
||
| 041 |
_2eng _aeng |
||
| 082 | _aX9(D):8F.7328.N83r, M3/GD | ||
| 110 |
_aTennessee valley authority. _9337641 |
||
| 245 | 0 | _aAnnual report 1983. | |
| 260 |
_aTenessee _bT.V.A. _c1983 |
||
| 300 |
_a55p. _ccm. |
||
| 700 |
_aTennessee valley authority. _9337642 |
||
| 942 |
_hX9(D):8F.7328.N83r, M3/GD _cGB _2CC |
||
| 999 |
_c655119 _d655119 |
||